000 00728nai a2200193Ia 4500
003 IN-BaIIA
008 211028c9999 xx s 000 0 eng d
022 _a1939-1374 (Online)
040 _cIIA Library
245 0 _aIEEE Transactions on Services Computing
_h[eJournal]
260 _aNew York, USA
_bThe Institute of Electrical and Electronics Engineers, Inc. (IEEE)
310 _aBimonthly
362 _a1(1); 2008 - Present
521 _bSubscribed through National Knowledge Resource Consortium (NKRC)
650 _a General Topics for Engineers
_948784
650 _aComputing and Processing
_948785
856 _uhttps://ieeexplore.ieee.org/servlet/opac?punumber=4629386
_yClick Here to Access eJournal
942 _cEJ
999 _c34734
_d34734